000 00625nam a22002177a 4500
003 UA-OsUOA
001 36460
007 ta
008 20060927b un ||||| |||| 00| 0 ukr d
090 _a082
_bЗ-32
942 _cBK
040 _aUA-OsUOA
_bukr
_cUA-OsUOA
_dUA-OsUOA
245 _aЗаписки Наукового товариства імені Шевченка.
_bCCXLV
_cПраці Театрознавчої комісії
300 _a722 с.
955 _a1
041 _aukr
080 _a082
260 _aЛьвів
_c2003
650 7 _a08 Видання. Колективні праці
_2UDC
999 _c434989
_d434989